000 02044nam0a2200373 4500
001 RU\NLR\BIBL_A\022705708
005 20260410140127.0
010 _a978-5-9903550-5-7
_9400
021 _aRU
_bКН-П-25-072403
_9КН-П-25-7016
035 _a(NLR Aleph) 022705708
090 _a13653330
_c13653330
100 _a20260121d2025 u y0rusy50 ca
101 0 _arus
102 _aRU
105 _aa z 101zy
181 0 _ai3
_baxxe
182 0 _an
200 1 _aМоделирование авиационных систем
_eVI Всероссийская научно-техническая конференция, Москва, 20-21 ноября 2025 г.
_eтезисы докладов
_fГосНИИАС [и др.]
203 _aТекст
_bвизуальный
_cнепосредственный
210 _aМосква
_cКруглый стол (издатель: ИП Дмитренко И. С.)
_d2025
215 _a487, [1], 64 с.
_cил., цв. ил.
_d25
320 _aБиблиогр. в конце тез.
320 _aАлф. указ. в конце 1-й паг.
606 1 _aВоенная авиационная техника
_jСъезды, совещания и т.п
_xПроектирование
_yРоссийская Федерация
_92435814
_3RU\NLR\AUTH\661449458
606 1 _aАвиационная техника
_jСъезды, совещания и т.п
_xПроектирование
_92158203
_3RU\NLR\AUTH\661299062
686 1 _aЦ651-2я431(2)
686 1 _aО52-02я431(2)
711 1 2 _a"Моделирование авиационных систем", всероссийская научно-техническая конференция
_d6
_eМосква
_f2025
_92695478
_3RU\NLR\AUTH\880638134
712 0 2 _4570
_aГосударственный НИИ авиационных систем
_cМосква
_9512315
_3RU\NLR\AUTH\8810007374
942 _cBOOK
980 _aNB